000
00245nam a2200097Ia 4500
008
240625s9999 xx 000 0 und d
041
_a
eng
082
_a
808.20 ARO
100
_a
ARORA RIDHIMA KAUR
245
_a
SCOPE OF PORTFOLIO MANAGEMENT SERVICES
999
_c
36525
_d
36525